LEADER 02997nam 22005293u 450 001 9910493678603321 005 20210113154825.0 010 $a2-8062-6456-1 035 $a(CKB)3790000000017708 035 $a(EBL)2071187 035 $a(OCoLC)911247229 035 $a(MiAaPQ)EBC2071187 035 $a(PPN)249687682 035 $a(Au-PeEL)EBL2071187 035 $a(EXLCZ)993790000000017708 100 $a20151005d2015|||| u|| | 101 0 $afre 135 $aur|n|---||||| 181 $ctxt$2rdacontent 182 $cc$2rdamedia 183 $acr$2rdacarrier 200 10$aLes Mains libres de Paul E?luard et Man Ray$b[electronic resource] $eRe?sume? complet et analyse de?taille?e de l'oeuvre 210 $cPrimento Digital$d2015 215 $a1 online resource (26 p.) 225 1 $aFiche de lecture 300 $aDescription based upon print version of record. 311 $a2-8062-6457-X 327 $aIntro -- Page de titre -- Re?sume? -- E?clairages -- Les origines : le mouvement dada -- Le surre?alisme -- Les Mains libres : origines du projet -- La place de Sade dans Les Mains libres et chez les surre?alistes -- Cle?s de lecture -- Quelques mots sur le titre -- Le poe?te, le dessinateur et le lecteur -- Renouve?lement du langage poe?tique -- Le silence, le vide et la parole du poe?te -- Subversion et logique surre?aliste -- La place de la femme -- Pistes de re?flexion -- Quelques questions pour approfondir sa re?flexion... -- Pour aller plus loin -- E?dition de re?fe?rence -- E?tudes de re?fe?rence -- Sur lePetitLitte?raire.fr -- Copyright. 330 $a De?cryptez Les Mains libres de Paul E?luard et Man Ray avec l'analyse du PetitLitte?raire.fr !Que faut-il retenir des Mains libres, le recueil qui se propose de de?velopper un nouveau rapport entre textes et images ? Retrouvez tout ce que vous devez savoir sur cette ?uvre dans une fiche de lecture comple?te et de?taille?e.Vous trouverez notamment dans cette fiche : Un re?sume? complet Des e?clairages sur le contexte de parution de l'?uvre, notamment sur le mouvement dada, le surre?alisme et la place du marquis de Sade dans Les Mains libres Une analyse des spe?cificite?s de l'?uvre : une explication du tit 410 0$aFiche de lecture 606 $aE?luard, Paul, 1895-1952 -- Biography 606 $aMan Ray, 1890-1976 -- Exhibitions 606 $aPoets, French -- 20th century -- Biography 608 $aElectronic books. 615 4$aE?luard, Paul, 1895-1952 -- Biography. 615 4$aMan Ray, 1890-1976 -- Exhibitions. 615 4$aPoets, French -- 20th century -- Biography. 676 $a841/.912 700 $aDalle$b Yann$0969261 701 $alePetitLitte?raire.fr$0848733 801 0$bAU-PeEL 801 1$bAU-PeEL 801 2$bAU-PeEL 906 $aBOOK 912 $a9910493678603321 996 $aLes Mains libres de Paul E?luard et Man Ray$92478648 997 $aUNINA